Free China today

Na minha lista:
Detalhes bibliográficos
Formato: Livro
Idioma:Undetermined
Publicado em: Taipei Epoch Publicity Agency 1974
Assuntos:
Tags: Adicionar Tag
Sem tags, seja o primeiro a adicionar uma tag!
Thư viện lưu trữ: Trung tâm Học liệu Trường Đại học Cần Thơ
LEADER 00393nam a2200157Ia 4500
001 CTU_90662
008 210402s9999 xx 000 0 und d
082 |a 951.249 
082 |b F851 
245 0 |a Free China today 
260 |a Taipei 
260 |b Epoch Publicity Agency 
260 |c 1974 
650 |a taiwan 
904 |i Nguyên 
980 |a Trung tâm Học liệu Trường Đại học Cần Thơ